000 00536nam a2200217 a 4500
005 20210219153332.0
008 991125n 000 0 u
035 _aUPN01000091874
100 _aCHRISTOPH, Hans
222 _aEDUCADORES DEL MUNDO
245 _aPensamiento y enseñanza global-actuación local
300 _a5-7
362 _a1988 No. 4
653 0 _aEDUCACION
653 0 _aFISE
653 0 _aMAESTROS
653 0 _aPAZ
653 0 _aRELACIONES INTERNACIONALES
904 _aAC
_b029685
905 _aArticulo
999 _c74170
_d74170